000 00551cam a22001577a 4500
008 180718b1977 xxu||||| |||| 00| 0 eng d
020 _a0 11 491485 0
082 _aX81x42 Un3s
245 _aStorm sewage: separation and disposal
_cby Scottish Development Department
260 _aEdingburgh
_bHer Majesty's Stationery Office
_c1977
300 _a120p
500 _aReport of the working party on storm sewage(Scotland)
650 _aSewage disposal --Scotland.
650 _aStorm sewers --Scotland
700 _aU.K. Scottish Development Department
999 _c414193
_d414193